000 00716nam a2200253 i 4500
001 bg
100 1 _aPAWLACZYK-SZPILOWA, Maria.
245 1 0 _aBiologia i ekologia /
_cMaria Pawlaczyk-Szpilowa.
250 _aWyd. 2 poszerz.
260 _aWrocław :
_bOficyna Wydawnicza Politechniki Wrocławskiwj,
_c1997.
300 _a387 s. :
_brys.(w tym kolor.), wykr. ;
_c24 cm.
504 _aIndeks.
650 9 _aBiologia
650 9 _aEkologia
650 9 _aŚrodowisko człowieka
_xochrona
655 _aPodręczniki akademickie
020 _a8370852505
040 _cBPK
041 0 _apl
080 _a57+504](075.8)
920 _a83-7085-250-5
942 _cKS
008 s pl f |000 0 pol
999 _c31902
_d31902
856 _uhttp://koha.tu.koszalin.pl/cgi-bin/koha/opac-detail.pl?biblionumber=31902
_yKatalog online BPK